000 02528cam a2200433 a 4500
001 16539021
003 BJBSDDR
005 20260414161444.0
007 ta
008 101116s2011 ilu d 000 0 eng
010 _a 2010047798
016 7 _a015674180
_2Uk
020 _a9781402243059
_qpbk.
020 _a1402243057
_qpbk.
035 _a16539021
035 _a(OCoLC)515418519
037 _a1318381
_bQBI
040 _aDLC
_cDLC
_dQBX
_dBTCTA
_dSINLB
_dZGG
_dPZT
_dUKMGB
_dDLC
_beng
041 _aeng
050 0 0 _aPE1591
_bH458w 2011
082 0 0 _a423/.12
_222
100 1 _aHeehler, Tom
_947953
245 1 4 _aThe well-spoken thesaurus :
_bthe most powerful ways to say everyday words and phrases /
_cTom Heehler.
260 _aNaperville, Ill. :
_bSourcebooks,
_cc2011.
300 _a391 p. ;
_c23 cm.
336 _atext
_btxt
_2rdacontent
337 _aunmediated
_bn
_2rdamedia
338 _avolume
_bnc
_2rdacarrier
505 _aOn Becoming Articulate Rhetorical Form and Design Lesson 1. T.S. Eliot Lesson 2. Margaret Atwood Lesson 3. Ernest Hemingway Lesson 4. Cormac McCarthy Lesson 5. John Steinbeck Lesson 6. Norman Mailer Lesson 7. Edith Wharton Lesson 8. E.B. White Lesson 9. J.M. Coetzee Lesson 10. John Steinbeck Lesson 11. Barbara Kingsolver Lesson 12. Joshua Ferris Lesson 13. Ken Kesey Lesson 14. Martin Luther King, Jr Lesson 15. Henry James Lesson 16. Barack Obama Lesson 17. Cintra Wilson The Well-Spoken Vocabulary The Seven Rhetorical Sins How This Book Works Preamble The Well-Spoken Thesaurus 200 Well-Spoken Alternatives to Common Words and Phrases
520 _aIf you've ever fumbled while trying to use a big word* (*lofty, pretentious word) to impress a crowd, you know what it's like to* (*what it is to) be poorly spoken. The fear of mispronouncing or misusing complex words is real and leaves many of us consigned to the lower levels* (*lower echelons) of the English Language. The Well-Spoken Thesaurus is your guide to eloquence, replacing the ordinary with the extraordinary.
650 0 _aEnglish language
_xSynonyms and antonyms.
650 0 _aEnglish language
_vTerms and phrases.
655 7 _aDictionaries.
_2lcgft
_0https://id.loc.gov/authorities/genreForms/gf2014026086
906 _a7
_bcbc
_corignew
_d1
_eecip
_f20
_gy-gencatlg
942 _2lcc
_cBK
_n0
946 _idpf
999 _c126821
_d126821